Top 10 most spoken languages in the world - Statistics

General Stats
  • This quiz has been taken 241 times
  • The average score is 7 of 10
Answer Stats
Speakers Language % Correct
1.13 Billion English
99%
534 Million Spanish
90%
280 Million French
85%
1.12 Billion Mandarin
80%
274 Million Arabic
69%
615 Million Hindi
66%
234 Million Portuguese
64%
258 Million Russian
61%
265 Million Bengali
33%
199 Million Indonesian
27%
No matching quizzes found
Score Distribution
Percent of People with Each Score
Percentile by Number Answered
Your Score History
You have not taken this quiz